MARC details
| 000 -CABECERA |
| campo de control de longitud fija |
01355nam a2200193 a 4500 |
| 001 - NÚMERO DE CONTROL |
| campo de control |
000044923 |
| 005 - FECHA Y HORA DE LA ÚLTIMA TRANSACCIÓN |
| campo de control |
20201002045732.0 |
| 008 - DATOS DE LONGITUD FIJA--INFORMACIÓN GENERAL |
| campo de control de longitud fija |
150119s2014 dr a 000 0 spa d |
| 020 ## - NÚMERO INTERNACIONAL ESTÁNDAR DEL LIBRO |
| Número Internacional Estándar del Libro |
9789945166279 |
| 040 ## - FUENTE DE LA CATALOGACIÓN |
| Centro catalogador/agencia de origen |
DO-SdBNP |
| Lengua de catalogación |
spa |
| Centro/agencia transcriptor |
BNPHU |
| 082 ## - NÚMERO DE LA CLASIFICACIÓN DECIMAL DEWEY |
| Número de clasificación |
xxxx |
| Número de documento/Ítem |
xxxx |
| 100 1# - ENTRADA PRINCIPAL--NOMBRE DE PERSONA |
| Nombre de persona |
Vargas García, Tahira |
| 9 (RLIN) |
72935 |
| 245 10 - MENCIÓN DE TÍTULO |
| Título |
Retrato cualitativo de la adolescencia en Villas Agrícolas / |
| Mención de responsabilidad, etc. |
Tahira Vargas García ; edición María Santana de López. |
| 260 ## - PUBLICACIÓN, DISTRIBUCIÓN, ETC. |
| Lugar de publicación, distribución, etc. |
Santo Domingo : |
| Nombre del editor, distribuidor, etc. |
Fundación Abriendo Camino, |
| Fecha de publicación, distribución, etc. |
2014. |
| 300 ## - DESCRIPCIÓN FÍSICA |
| Extensión |
91 p. : |
| Otras características físicas |
il. ; |
| Dimensiones |
28 cm. |
| 504 ## - NOTA DE BIBLIOGRAFÍA, ETC. |
| Nota de bibliografía, etc. |
Bibliografía : p. 89-91 |
| 505 0# - NOTA DE CONTENIDO CON FORMATO |
| Título |
Contexto familiar del adolescente de ambos sexos de Villas Agrícolas -- |
| -- |
Condiciones socio-educativas. Causas de descerción, abandono y repitencia -- |
| -- |
Condiciones socio-económicas de la población adolescente estudiada -- |
| -- |
Sexualidad en la población adolescente de ambos sexos -- |
| -- |
Violencia, percepciones y manifestaciones -- |
| -- |
Situaciones de riesgo. Consumo de alcohol, juca y drogas, inserción en pandillas -- |
| -- |
Rutina- recreación-diversión de la población adolescente en el barrio -- |
| -- |
Situación organizativa del barrio. Relación entre adolescentes y procesos organizativos -- |
| -- |
Expectativas futuras -- |
| -- |
Percepciones sobre la Fundación Abriendo Camino -- |
| -- |
Conclusiones -- |
| -- |
Recomendaciones. |
| 700 1# - PUNTO DE ACCESO ADICIONAL--NOMBRE DE PERSONA |
| Nombre de persona |
Santana de López, María |
| Término indicativo de función/relación |
ed. |
| 9 (RLIN) |
72936 |